| 000 | 00413nam a2200157Ia 4500 | ||
|---|---|---|---|
| 008 | 230711s9999||||xx |||||||||||||| ||und|| | ||
| 020 | _a978-1-25-906478-4 | ||
| 041 | _aENG | ||
| 082 |
_a510 _bRU-M |
||
| 100 | _aWalter,Rudin | ||
| 245 | 0 | _aPrinciples of mathematical analysis | |
| 250 | _a3rd Ed. | ||
| 260 |
_c2013 _aNew York _bMcGraw Hill Education(India) Private Limited |
||
| 650 | _aMathematics | ||
| 942 | _cBK | ||
| 999 |
_c336 _d336 |
||